Đa dạng phiêu sinh thực vật và phiêu sinh động vật ở vùng đê bao khép kín và đê bao tháng 8 tại xã Vĩnh Thạnh Trung, huyện Châu Phú, tỉnh An Giang : Luận văn tốt nghiệp cao học. Chuyên ngành: Khoa học môi trường
Nội dung đề tài nghiên cứu là so sánh đánh giá phiêu sinh thực vật, phiêu sinh động vật ở vùng đê bao khép kín và đê bao tháng 8 và xác định mối tương đồng của hai loại phiêu sinh này cùng một số yếu tố môi trường....
Na minha lista:
| Autor principal: | |
|---|---|
| Formato: | Livro |
| Idioma: | Undetermined |
| Publicado em: |
Cần Thơ
Trường Đại học Cần Thơ
2013
|
| Assuntos: | |
| Tags: |
Adicionar Tag
Sem tags, seja o primeiro a adicionar uma tag!
|
| Thư viện lưu trữ: | Trung tâm Học liệu Trường Đại học Cần Thơ |
|---|
| LEADER | 01319nam a2200217Ia 4500 | ||
|---|---|---|---|
| 001 | CTU_184587 | ||
| 008 | 210402s9999 xx 000 0 und d | ||
| 082 | |a 579 | ||
| 082 | |b Th116 | ||
| 088 | |a 60440301 | ||
| 100 | |a Đặng, Hữu Thắng | ||
| 245 | 0 | |a Đa dạng phiêu sinh thực vật và phiêu sinh động vật ở vùng đê bao khép kín và đê bao tháng 8 tại xã Vĩnh Thạnh Trung, huyện Châu Phú, tỉnh An Giang : | |
| 245 | 0 | |b Luận văn tốt nghiệp cao học. Chuyên ngành: Khoa học môi trường | |
| 245 | 0 | |c Đặng Hữu Thắng ; Nguyễn Hữu Chiếm người hướng dẫn khoa học | |
| 260 | |a Cần Thơ | ||
| 260 | |b Trường Đại học Cần Thơ | ||
| 260 | |c 2013 | ||
| 520 | |a Nội dung đề tài nghiên cứu là so sánh đánh giá phiêu sinh thực vật, phiêu sinh động vật ở vùng đê bao khép kín và đê bao tháng 8 và xác định mối tương đồng của hai loại phiêu sinh này cùng một số yếu tố môi trường. | ||
| 650 | |a Thực vật phiêu sinh,Phytoplankton | ||
| 904 | |i Nguyễn Thị Kiều Oanh | ||
| 980 | |a Trung tâm Học liệu Trường Đại học Cần Thơ | ||